[Event "IND-chT"]
[Site "Gurgaon"]
[Date "2010.02.21"]
[Round "1"]
[White "Chandel, Jagdish"]
[Black "Kamble, Vikramaditya"]
[Result "0-1"]
[WhiteElo "1840"]
[BlackElo "2364"]
[PlyCount "98"]
[EventDate "2010.02.21"]
[EventType "team"]
[EventRounds "9"]
[EventCountry "IND"]
[SourceTitle "CBM 135 Extra"]
[Source "ChessBase"]
[SourceDate "2010.05.04"]
[SourceVersion "1"]
[SourceVersionDate "2010.05.04"]
[SourceQuality "1"]

1. d4 Nf6 2. Nf3 g6 3. Nbd2 Bg7 4. e4 0-0 5. Bd3 Nh5 6. 0-0 Nf4 7. Bc4 c6 8. Re1 d5 9. Bb3 b5 10. Nf1 Ne6 11. Ng3 dxe4 12. Bxe6 Bxe6 13. Nxe4 Nd7 14. Bf4 Rc8 15. c3 c5 16. dxc5 Nxc5 17. Nxc5 Rxc5 18. Qxd8 Rxd8 19. Be5 Bxe5 20. Nxe5 Rd2 21. h3 Rc7 22. a4 Rxb2 23. axb5 Rxb5 24. c4 Rbb7 25. Ra4 f6 26. Nxg6 Bf7 27. Nf4 Rxc4 28. Rxc4 Bxc4 29. Re4 Rc7 30. Ne6 Bxe6 31. Rxe6 Kf7 32. Ra6 Ke8 33. g4 Kd7 34. Kg2 Kc8 35. Kg3 Kb7 36. Ra1 Rc5 37. Re1 Re5 38. Rxe5 fxe5 39. Kf3 Kc6 40. Ke4 a5 41. g5 a4 42. Kd3 e4+ 43. Kc4 Kd6 44. h4 Ke5 45. h5 Kf5 46. g6 hxg6 47. hxg6 Kxg6 48. Kb4 Kf5 49. Kxa4 Kf4 0-1